| 000 | 00370nam a22001457a 4500 | ||
|---|---|---|---|
| 020 |
_a9788126524228 _qPB |
||
| 040 | _cNUST | ||
| 082 |
_a621.382 _bBAL |
||
| 100 |
_a Balanis ,Constantine A _918297 |
||
| 245 |
_aAntenna Theory : _bAnalysis and Design / |
||
| 250 | _a3rd ed. | ||
| 260 |
_aNew Delhi ; _bWiley , _c2017. |
||
| 300 |
_a1117p. ; _b23 cm. |
||
| 942 |
_2ddc _cBK |
||
| 999 |
_c527163 _d527163 |
||